Dopasuj Miasto do państwa-Ameryka Północna i Południowa - Statystyki

Ogólne statystyki
  • Ten quiz został rozwiązany 415 razy
  • Średni wynik to 9 z 14
Statystyki odpowiedzi
Miasto Państwo % Poprawnych
Ottawa Kanada
95%
Chicago USA
95%
Santiago Chile
84%
Hawana Kuba
83%
Montevideo Urugwaj
77%
Medellin Kolumbia
75%
Guadalajara Meksyk
71%
La Paz Boliwia
69%
Quito Ekwador
68%
Kingston Jamajka
67%
Fortaleza Brazylia
60%
Roseau Dominika
35%
David Panama
31%
San Miguel Salwador
24%
Nie znaleziono quizów pasujących do podanych kryteriów
Rozkład punktacji
Procent ludzi z każdym wynikiem
Percentyl według liczby udzielonych odpowiedzi
Twoja historia wyników
Nie rozwiązałeś tego quizu